Pest on tomato in pursat province សត្វល្អិត និងជំងឺដំណាំប៉េងប៉ោះក្នុងលក្ខខ័ណ្ឌ ខេត្តពោធិសាត់ (Record no. 455)

000 -LEADER
fixed length control field 00560nam a22001577a 4500
003 - CONTROL NUMBER IDENTIFIER
control field OSt
005 - DATE AND TIME OF LATEST TRANSACTION
control field 20150914163201.0
008 - FIXED-LENGTH DATA ELEMENTS--GENERAL INFORMATION
fixed length control field 150914b xxu||||| |||| 00| 0 eng d
040 ## - CATALOGING SOURCE
Transcribing agency RUA
082 ## - DEWEY DECIMAL CLASSIFICATION NUMBER
Classification number AGR THI 2000 B026 Or.1
100 ## - MAIN ENTRY--PERSONAL NAME
9 (RLIN) 475
Personal name THIV, VANNY.
245 ## - TITLE STATEMENT
Title Pest on tomato in pursat province សត្វល្អិត និងជំងឺដំណាំប៉េងប៉ោះក្នុងលក្ខខ័ណ្ឌ ខេត្តពោធិសាត់
260 ## - PUBLICATION, DISTRIBUTION, ETC. (IMPRINT)
Place of publication, distribution, etc. Phnom Penh
Name of publisher, distributor, etc. RUA
Date of publication, distribution, etc. 2000
300 ## - PHYSICAL DESCRIPTION
Extent 61p.
Other physical details ill.
Dimensions 29cm.
942 ## - ADDED ENTRY ELEMENTS (KOHA)
Source of classification or shelving scheme
Koha item type AGR
Holdings
Price effective from Date last seen Permanent Location Not for loan Date acquired Source of classification or shelving scheme Koha item type Lost status Withdrawn status Total Renewals Date last checked out Total Checkouts Damaged status Barcode Current Location Full call number
2015-09-142016-07-31Library Block B 2015-09-14 AGR   2016-07-171 RUA001776Library Block BAGR THI 2000 B026 Or.1
2015-09-142023-10-02Library Block B 2015-09-14 AGR   2023-09-185 RUA001848Library Block BAGR THI 2000 B026 Or.2
2015-09-142019-07-23Library Block B 2015-09-14 AGR   2019-07-054 RUA001643Library Block BAGR THI 2000 B026 Or.3
2015-09-142019-01-02Library Block B 2015-09-14 AGR  12018-12-057 RUA001638Library Block BAGR THI 2000 B026 Or.4
2015-09-142017-12-30Library Block B 2015-09-14 AGR   2017-12-084 RUA001986Library Block BAGR THI 2000 B026 Or.5
មជ្ឈមណ្ឌលឯការនៃសាកលវិទ្យាល័យភូមិន្ទកសិកម្មចំការដូង

Powered by Koha